000 01351nam a22003017a 4500
999 _c65275
_d65275
005 20240530110816.0
008 190624s2019 ua f bm 000 0 ara d
017 _a2018/17368
_bمصر. دار الكتب
020 _a9789777282462
040 _aEG-CaGPL
_cEG-CaGPL
082 0 4 _221
_a953.073 /
_bق/ح ع
100 0 _aحسناء الدمرداش
245 1 0 _aعبقرية التاريخ المصرى :
_bمصر الاسلامية /
_cتاليف حسناء الدمرداش
250 _aط. 1
260 _aالقاهرة :
_c2019.
_bدار الحكمة للطباعة و النشر و التوزيع،
300 _a300 ص. ؛
_c24 سم.
504 _aيشتمل على ارجاعات ببليوجرافية
650 0 7 _2qrmak
_aفتح مصر
651 0 7 _2qrmak
_aمصر
_xتاريخ
_yالعصر الاسلامى
651 0 7 _2qrmak
_aمصر
_xتاريخ
_yعصر صدر الاسلام
651 0 7 _2qrmak
_aمصر
_xتاريخ
_yالعصر الاموى
651 0 7 _2qrmak
_aمصر
_xتاريخ
_yالعصر الطولونى
651 0 7 _2qrmak
_aمصر
_xتاريخ
_yالعصر الاخشيدى
651 0 7 _2qrmak
_aمصر
_xتاريخ
_yالعصر الفاطمى
651 0 7 _2qrmak
_aمصر
_xتاريخ
_yالعصر الاسلامى
_xالاحوال السياسية
942 _2ddc
_cBK